يتيمة الدهر في محاسن أهل العصر / (رقم التسجيلة. 27090)

تفاصيل مارك
000 -LEADER
fixed length control field 00699nam a22002057a 4500
005 - DATE AND TIME OF LATEST TRANSACTION
control field 20251108165413.0
008 - FIXED-LENGTH DATA ELEMENTS--GENERAL INFORMATION
fixed length control field 250721s1956 xx 000 0 ara d
082 14 - DEWEY DECIMAL CLASSIFICATION NUMBER
Classification number م/928.11/ثعا
100 1# - MAIN ENTRY--PERSONAL NAME
Personal name الثعالبي، أبو منصور عبد الملك بن محمد بن إسماعيل
245 10 - TITLE STATEMENT
Title يتيمة الدهر في محاسن أهل العصر /
250 ## - EDITION STATEMENT
Edition statement ط2
264 1# - PRODUCTION, PUBLICATION, DISTRIBUTION, MANUFACTURE, AND COPYRIGHT NOTICE
Place of production, publication, distribution, manufacture القاهرة :
Name of producer, publisher, distributor, manufacturer المكتبة التجارية الكبرى،
Date of production, publication, distribution, manufacture, or copyright notice 1956.
300 ## - PHYSICAL DESCRIPTION
Extent 4ج . 2مج
650 17 - SUBJECT ADDED ENTRY--TOPICAL TERM
Topical term or geographic name as entry element الشعراء
650 17 - SUBJECT ADDED ENTRY--TOPICAL TERM
Topical term or geographic name as entry element التراجم
650 17 - SUBJECT ADDED ENTRY--TOPICAL TERM
Topical term or geographic name as entry element العرب
700 1# - ADDED ENTRY--PERSONAL NAME
Personal name عبد الحميد، محمد محي الدين
Relator term تحقيق
942 ## - ADDED ENTRY ELEMENTS (KOHA)
Source of classification or shelving scheme Dewey Decimal Classification
Koha item type مراجع
المقتنيات
حالة السحب حالة الفقدان مصدر التصنيف حالة التلف غير قابل للإعارة المكتبة الرئيسية المكتبة الحالية موقع الرف تاريخ التزويد الرقم المتسلسل Total Checkouts رقم الإستدعاء الباركود تاريخ آخر ظهور تاريخ الفاتورة نوع المادة (كوها)
    Dewey Decimal Classification   Not For Loan مكتبة أم قصير والمقابلين العامة مكتبة أم قصير والمقابلين العامة مراجع 30/10/2014 [ 1873 ]   م/928.11/ثعا PLD00356797 28/07/2025 30/10/2014 مراجع
    Dewey Decimal Classification   Not For Loan مكتبة أم قصير والمقابلين العامة مكتبة أم قصير والمقابلين العامة مراجع 30/10/2014 [ 1868 ]   م/928.11/ثعا PLD00356799 28/07/2025 30/10/2014 مراجع
    Dewey Decimal Classification   Not For Loan مكتبة أم قصير والمقابلين العامة مكتبة أم قصير والمقابلين العامة مراجع 30/10/2014 [ 1869 ]   م/928.11/ثعا PLD00356800 28/07/2025 30/10/2014 مراجع
    Dewey Decimal Classification   Not For Loan مكتبة أم قصير والمقابلين العامة مكتبة أم قصير والمقابلين العامة مراجع 30/10/2014 [ 1870 ]   م/928.11/ثعا PLD00356801 28/07/2025 30/10/2014 مراجع
    Dewey Decimal Classification   Not For Loan مكتبة أم قصير والمقابلين العامة مكتبة أم قصير والمقابلين العامة مراجع 30/10/2014 [ 1871 ]   م/928.11/ثعا PLD00356802 28/07/2025 30/10/2014 مراجع
Implemented & Customized by: BBB with SCIT (Smart Chains for Information Technology)

Powered by Koha